000 00406cam a2200157ua 4500
003 OSt
008 250506b |||||||| |||| 00| 0 eng d
041 _aeng
082 _a624.1517
_bCLA/PL
100 _aClark, David .
_97027
245 _aPlane and geodetic surveying: For engineers, Vol 1 /
250 _a5 /
260 _aMumbai :
_bAsia Publishing House ,
_c1961.
300 _a673 ; .
942 _cBK
999 _c9372
_d9372